NBA Players from Lithuania - Statistics

General Stats
  • This quiz has been taken 68 times
    17 since last reset
  • The average score is 8 of 17
Answer Stats
Position Player NBA Career % Correct
C Arvydas Sabonis 1995-2003
100%
PF Domantas Sabonis 2016-Present
100%
C Jonas Valančiūnas 2012-Present
70%
F Matas Buzelis 2024-Present
60%
SF Mindaugas Kuzminskas 2016-2017
60%
C Zyndrunas Ilgauskas 1996-2011
60%
C Donatas Motiejūnas 2012-2017, 2019
50%
G Kasparas Jakučionis 2025-Present
50%
F Linas Kleiza 2005-2013
50%
SF Ignas Brazdeikis 2019-2022
40%
G Šarūnas Jasikevičius 2005-2007
40%
GF Šarūnas Marčiulionis 1989-1997
40%
G Arvydas Macijauskas 2005-2006
30%
GF Deividas Sirvydis 2020-2022
30%
SF Arnoldas Kulboka 2021-2022
20%
C Martynas Andriuškevičius 2005-2006
20%
PF Darius Songalia 2003-2011
10%
No matching quizzes found
Score Distribution
Percent of People with Each Score
Percentile by Number Answered
Your Score History
You have not taken this quiz since the last reset